000 00816nam a2200241 i 4500
001 29864
003 ES-MaACL
005 20250701112506.0
007 t|
008 030123s1903 sp |||| | spa d
100 1 _aBaroja, Pío,
_d1872-1956
_925752
245 1 3 _aEl mayorazgo de Labraz /
_cPío Baroja.
250 _aEd. príncipe.
260 _aBarcelona :
_b[s.n.,
_c1903] (
_fImp. Henrich y Cª.)
300 _a304 p. ;
_c20 cm.
490 1 _aBiblioteca de novelistas del siglo XX
530 _aDisponible en formato digital.
830 0 _aBiblioteca de novelistas del siglo XX
_9226431
852 _aES-MaACL
_jB-5752
_cSPB
_zRevisado: 1 de Junio 2025
856 _uhttps://archive.org/details/elmayorazgodela00barogoog/page/n7
_yInternet Archive
942 _2udc
999 _c29864
_d29864